| 000 | 00965cam a2200229 4500 | ||
|---|---|---|---|
| 001 | WB3724-21 | ||
| 008 | 000000n2001 000 0 eng u | ||
| 035 | _a(Sirsi) u113180 | ||
| 245 | _aCash tide starts to ebb | ||
| 260 | _c2001 | ||
| 490 |
_aEstates Gazette _v(0124) 16 June 2001, 60(1) |
||
| 520 | _aAccording to DTZ's annual Money into Property report more money than ever - almost £30bn net - flowed into the UK property sector in 2000. However, DTZ predicts that due to the prevailing economic conditions, the rate is likely to slow in 2001, falling to around £20bn. Includes graphs detailing cash inflow, and bank lending, to property, during the last 10 years. | ||
| 590 | _aWB | ||
| 650 | _aDTZ DEBENHAM THORPE | ||
| 650 | _aRESEARCH | ||
| 650 | _aDTZ MONEY INTO PROPERTY | ||
| 650 | _aFORECASTS | ||
| 650 | _aBANK LENDING | ||
| 650 | _aINVESTMENT MARKET | ||
| 690 | _aMANAGEMENT-BUSINESS MANAGEMENT-FINANCIAL MANAGEMENT | ||
| 942 | _n0 | ||
| 999 |
_c67398 _d67398 |
||